000
00454nam a2200157Ia 4500
008
100122s9999 xx 000 0 und d
082
_b
45530
_a
BM823
100
_a
टोळ दत्ता
245
_a
साहसी मुले
250
_a
0
260
_b
अरगडे कुलकणी प्रकाशन
_c
1973
300
_a
64
630
_a
साहसी मुले
730
_a
साहसी मुले
942
_c
BOOK
999
_c
424982
_d
424979